[Event "29th Czech Open A 2018"]
[Site "Pardubice CZE"]
[Date "2018.07.24"]
[Round "5.63"]
[White "Krak, Tomas"]
[Black "Pacher, Milan"]
[Result "1/2-1/2"]
[WhiteTitle "FM"]
[BlackTitle "GM"]
[WhiteElo "2268"]
[BlackElo "2467"]
[WhiteFideId "14903750"]
[BlackFideId "14907445"]
[EventDate "2018.07.20"]

1. e4 c5 2. Nf3 d6 3. Bb5+ Bd7 4. Bxd7+ Qxd7 5. O-O Nc6 6. c3 Nf6 7. Re1 e6 8.
d4 cxd4 9. cxd4 d5 10. e5 Ne4 11. Nbd2 Nxd2 12. Bxd2 Be7 13. Rc1 O-O 14. Rc3
Rfc8 15. a3 b5 16. Rd3 b4 17. h4 bxa3 18. bxa3 Rab8 19. Nh2 Qd8 20. Qg4 Na5 21.
Bh6 g6 22. h5 Rb3 23. hxg6 hxg6 24. Rh3 Rxh3 25. Qxh3 Qc7 26. Nf3 Nb3 27. Kh2 f5
28. Be3 Bd8 29. Rb1 Na5 30. Bg5 Qg7 31. Bxd8 Rxd8 32. Qh4 Re8 33. Kg3 Nc6 34.
Rc1 f4+ 35. Kh2 Nd8 36. Rc8 Qd7 37. Ng5 Qxc8 38. Qh7+ Kf8 39. Qh8+ Ke7 40. Qg7+
Nf7 41. Qxf7+ Kd8 42. Qxf4 Kc7 43. Kg3 Kb8 44. Qf7 a5 45. f4 a4 46. Kg4 Qc6 47.
Qxg6 Qb5 48. Qf7 Qe2+ 49. Kg3 Qe1+ 50. Kg4 Qe2+ 51. Kg3 Qe1+ 1/2-1/2

[Event "29th Czech Open A 2018"]
[Site "Pardubice CZE"]
[Date "2018.07.24"]
[Round "5.64"]
[White "Muhseen, Abdullah Mohammed"]
[Black "Petr, Martin"]
[Result "0-1"]
[WhiteTitle "CM"]
[BlackTitle "GM"]
[WhiteElo "2222"]
[BlackElo "2456"]
[WhiteFideId "4801695"]
[BlackFideId "318299"]
[EventDate "2018.07.20"]

1. d4 Nf6 2. Nc3 d5 3. Bf4 g6 4. Qd2 Bg7 5. Bh6 O-O 6. h4 c5 7. Bxg7 Kxg7 8.
dxc5 d4 9. O-O-O Nc6 10. Nb5 Qd5 11. h5 Qxa2 12. Na3 Ne4 13. Qf4 Bf5 14. g4 Qa1+
15. Nb1 Nb4 16. c4 Qxb1+ 17. Kxb1 Nd2+ 0-1

[Event "29th Czech Open A 2018"]
[Site "Pardubice CZE"]
[Date "2018.07.24"]
[Round "5.65"]
[White "Haba, Petr"]
[Black "Meleshko, Vladimir"]
[Result "1/2-1/2"]
[WhiteTitle "GM"]
[BlackTitle "FM"]
[WhiteElo "2445"]
[BlackElo "2268"]
[WhiteFideId "300160"]
[BlackFideId "14111055"]
[EventDate "2018.07.20"]

1. d4 Nf6 2. c4 e6 3. Nf3 d5 4. g3 Be7 5. Bg2 O-O 6. O-O dxc4 7. Qc2 a6 8. a4
Bd7 9. Rd1 Bc6 10. Bg5 b5 11. Bxf6 Bxf6 12. Nbd2 Qc8 13. b3 cxb3 14. Nxb3 Rd8
15. e4 g6 16. Na5 Bb7 17. Nxb7 Qxb7 18. axb5 axb5 19. Rxa8 Qxa8 20. e5 Be7 21.
Qxc7 Rd7 22. Qc8+ Rd8 23. Qc7 Rd7 24. Qc8+ Rd8 1/2-1/2

[Event "29th Czech Open A 2018"]
[Site "Pardubice CZE"]
[Date "2018.07.24"]
[Round "5.66"]
[White "Domogaev, Sergey"]
[Black "Stein, Robert"]
[Result "1-0"]
[WhiteTitle "GM"]
[WhiteElo "2414"]
[BlackElo "2253"]
[WhiteFideId "24103608"]
[BlackFideId "12921084"]
[EventDate "2018.07.20"]

1. d4 Nf6 2. c4 e6 3. Nc3 Bb4 4. e3 O-O 5. Bd3 d5 6. a3 Bxc3+ 7. bxc3 b6 8. cxd5
exd5 9. Ne2 Ba6 10. O-O Bxd3 11. Qxd3 Nbd7 12. f3 c5 13. Ng3 Re8 14. Ra2 h5 15.
Re2 Re6 16. Rd1 Rc8 17. e4 cxd4 18. cxd4 h4 19. Nf5 g6 20. Nh6+ Kg7 21. Bg5 Qc7
22. e5 Nh7 23. Be3 Qc3 24. Qb1 Qc4 25. Kf2 f5 26. g4 hxg3+ 27. hxg3 Rf8 28. Rc2
Qa4 29. Rc7 a5 30. Rdc1 Rd8 31. Qd3 Re7 32. R1c6 Kh8 33. Rxg6 Nxe5 34. dxe5 Rxc7
35. Bd4 Nf8 36. Rg8+ 1-0

[Event "29th Czech Open A 2018"]
[Site "Pardubice CZE"]
[Date "2018.07.24"]
[Round "5.67"]
[White "Kearns, Christopher"]
[Black "Gorbatov, Alexej"]
[Result "1/2-1/2"]
[BlackTitle "IM"]
[WhiteElo "2221"]
[BlackElo "2409"]
[WhiteFideId "24642118"]
[BlackFideId "4111834"]
[EventDate "2018.07.20"]

1. e4 e6 2. d4 d5 3. e5 c5 4. c3 Qb6 5. Nf3 Nc6 6. Bd3 Bd7 7. O-O cxd4 8. cxd4
Nxd4 9. Nbd2 Nc6 10. Nb3 Nge7 11. Be3 Qc7 12. Rc1 Ng6 13. Nc5 Bxc5 14. Bxc5
Ngxe5 15. Nxe5 Qxe5 16. Re1 Qxb2 17. Re2 Qf6 18. Bb5 a6 19. Ba4 Na5 20. Bb4 Nc6
21. Qxd5 Qe7 22. Bxc6 Bxc6 23. Rxc6 Qxb4 24. Rcxe6+ fxe6 25. Rxe6+ Kf8 26. Qf5+
Kg8 27. Qd5 Kf8 28. Qf5+ 1/2-1/2

[Event "29th Czech Open A 2018"]
[Site "Pardubice CZE"]
[Date "2018.07.24"]
[Round "5.68"]
[White "Tomazini, Zan"]
[Black "Gan-Erdene, Sugar"]
[Result "1-0"]
[WhiteTitle "IM"]
[WhiteElo "2406"]
[BlackElo "2247"]
[WhiteFideId "14608162"]
[BlackFideId "4902980"]
[EventDate "2018.07.20"]

1. e4 c5 2. Nf3 d6 3. Bb5+ Nd7 4. O-O Nf6 5. Re1 a6 6. Bf1 g6 7. c3 Bg7 8. d4
cxd4 9. cxd4 O-O 10. Nc3 Nb6 11. h3 Bd7 12. Bg5 h6 13. Be3 d5 14. e5 Ne4 15.
Nxe4 dxe4 16. Nd2 Bc6 17. Qc2 Qd5 18. b3 Rac8 19. Rac1 Kh7 20. Bc4 Qa5 21. Nxe4
Nxc4 22. bxc4 Bxe4 23. Qxe4 Rxc4 24. Qxb7 Rfc8 25. Rb1 R8c7 26. Qf3 e6 27. Re2
Qa4 28. Reb2 Rc2 29. Kh2 R2c3 30. Qa8 R3c4 31. Rb8 Qxa2 32. R1b6 Qc2 33. Qxa6
Qf5 34. Rd8 Rc2 35. Qb5 Rxf2 36. Bxf2 Qxf2 37. Rc6 Ra7 38. Qb1 Ra2 39. Qg1 Qf4+
40. Kh1 Rf2 41. Rc1 h5 42. Rd1 Bh6 43. d5 exd5 44. R8xd5 Bg7 45. R5d4 Qf5 46.
Re1 Bf8 47. Rdd1 Kg7 48. Qh2 Bb4 49. Rg1 Bc3 50. Qg3 Bxe5 51. Qe3 Qf4 52. Qxf4
Bxf4 53. Rgf1 Rxf1+ 54. Rxf1 Be5 55. Re1 Bd4 56. Re4 Bf2 57. Re2 Bg3 58. Kg1 g5
59. Re3 Bf4 60. Rb3 Kg6 61. Kf2 Kf5 62. Rb5+ Be5 63. Ke3 f6 64. Ra5 g4 65. hxg4+
Kxg4 66. Ra8 Bf4+ 67. Kf2 Bg3+ 68. Ke2 Bf4 69. Rg8+ Bg5 70. Kf2 f5 71. Rg7 Kf4
72. Rh7 h4 73. Ra7 Kg4 74. Ra4+ Bf4 75. Rb4 Kg5 76. Kf3 Bd6 77. Ra4 Bg3 78. Ra8
Kf6 79. Rf8+ Ke5 80. Ke3 Bf4+ 81. Kf3 Bg3 82. Re8+ Kd4 83. Ra8 Ke5 84. Ra5+ Kf6
85. Ke3 Ke6 86. Ra6+ Ke5 87. Ra5+ Ke6 88. Kd4 Bf2+ 89. Kd3 Bg3 90. Ra8 Ke5 91.
Ke3 Bf4+ 92. Kf3 Bg3 93. Ra6 Bh2 94. Rh6 Bg3 95. Rh5 Ke6 96. Ke3 Ke5 97. Kd3 Bf2
98. Rh6 Kf4 99. Rg6 Bg1 100. Ke2 Bh2 101. Rh6 Bg3 102. Rb6 Ke4 103. Rb4+ Ke5
104. Kd3 Bf2 105. Ra4 Be1 106. Kc4 Kf4 107. Ra3 Kg4 108. Kd5 f4 109. Ke4 Bd2
110. Rf3 Be3 111. Kd3 Kf5 112. Ke2 Kg4 113. Rh3 Bd4 114. Rd3 Be3 115. Rd8 Kg3
116. Rg8+ Kh2 117. Kf3 Bd2 118. Rg7 Be1 119. Re7 Bg3 120. Re6 Kg1 121. Re2 Kh1
122. Ra2 Bh2 123. Kg4 Bg3 124. Kh3 Kg1 125. Rb2 Be1 126. Rb3 Bd2 127. Rb1+ Kf2
128. Rb2 Ke3 129. Kxh4 Ba5 130. Kg4 Bc7 131. Rc2 Bd6 132. Rc3+ Kf2 133. Kh3 Be5
134. Rf3+ Kg1 135. Rb3 Bd6 136. Rb2 Be5 137. Rc2 Bb8 138. Kg4 Bd6 139. Kf3 Bb8
140. Rc1+ Kh2 141. Rc8 Be5 142. Rc5 Bb8 143. Rb5 Ba7 144. Rb2 Bd4 145. Re2 1-0

[Event "29th Czech Open A 2018"]
[Site "Pardubice CZE"]
[Date "2018.07.24"]
[Round "5.69"]
[White "Semjonovs, Ilja"]
[Black "Frolov, Artur"]
[Result "1/2-1/2"]
[BlackTitle "IM"]
[WhiteElo "2219"]
[BlackElo "2393"]
[WhiteFideId "11604263"]
[BlackFideId "14100134"]
[EventDate "2018.07.20"]

1. e4 c5 2. Nf3 Nc6 3. Nc3 e5 4. Bc4 Be7 5. O-O d6 6. h3 Nf6 7. d3 O-O 8. a3 a6
9. Be3 b5 10. Ba2 Be6 11. Nd5 Nd4 12. Nxd4 cxd4 13. Nxe7+ Qxe7 14. Bd2 Bxa2 15.
Rxa2 Qe6 16. Ra1 d5 17. exd5 Nxd5 18. c3 dxc3 19. bxc3 Rac8 20. Rc1 Qf5 21. Qe2
Rfd8 22. c4 Nf4 23. Bxf4 Qxf4 24. g3 Qd4 25. cxb5 Rxc1 26. Rxc1 axb5 27. Qe3 f6
28. Qxd4 Rxd4 29. Rc3 Kf7 30. Rb3 Rd5 31. Kf1 Ke6 32. Ke2 Kd6 33. Kd2 Kc5 34.
Rc3+ Kb6 35. Kc2 Rc5 36. Rxc5 Kxc5 37. Kc3 h5 38. f3 g6 39. g4 h4 40. Kb3 f5 41.
gxf5 gxf5 42. Kc3 Kc6 43. Kb3 Kd5 44. Kb4 Kd4 45. Kxb5 Kxd3 46. a4 e4 47. fxe4
fxe4 48. a5 e3 49. a6 e2 50. a7 e1=Q 51. a8=Q Qe5+ 52. Kb4 Qc3+ 53. Kb5 Qc4+ 54.
Kb6 Qb4+ 55. Kc7 Ke3 56. Qg2 Qf4+ 57. Kc6 Qe5 58. Qg1+ Ke2 59. Qg4+ Ke3 60. Qxh4
Qe4+ 61. Qxe4+ Kxe4 1/2-1/2

[Event "29th Czech Open A 2018"]
[Site "Pardubice CZE"]
[Date "2018.07.24"]
[Round "5.70"]
[White "Pulpan, Jakub"]
[Black "Mahalakshmi, M"]
[Result "1/2-1/2"]
[WhiteTitle "IM"]
[BlackTitle "WIM"]
[WhiteElo "2386"]
[BlackElo "2238"]
[WhiteFideId "302759"]
[BlackFideId "5001080"]
[EventDate "2018.07.20"]

1. c4 Nf6 2. Nc3 e5 3. Nf3 Nc6 4. e3 d6 5. d4 Bg4 6. d5 Ne7 7. e4 g6 8. h3 Bc8
9. Be3 Bg7 10. Be2 O-O 11. c5 Ne8 12. Nd2 f5 13. f3 fxe4 14. Ndxe4 Nf5 15. Bf2
Nf6 16. O-O Nh5 17. Bc4 Bh6 18. Re1 1/2-1/2

[Event "29th Czech Open A 2018"]
[Site "Pardubice CZE"]
[Date "2018.07.24"]
[Round "5.71"]
[White "Reuker, Jari"]
[Black "Bharath, Subramaniyam H"]
[Result "1-0"]
[BlackTitle "CM"]
[WhiteElo "2377"]
[BlackElo "2231"]
[WhiteFideId "12909300"]
[BlackFideId "46634827"]
[EventDate "2018.07.20"]

1. d4 Nf6 2. c4 e6 3. Nc3 c5 4. d5 exd5 5. cxd5 d6 6. e4 g6 7. Nge2 Bg7 8. Ng3
O-O 9. Be2 a6 10. a4 Nbd7 11. O-O Rb8 12. Bg5 Qc7 13. Qd2 c4 14. Rac1 b5 15.
axb5 axb5 16. b4 Re8 17. Bh6 Ne5 18. Bxg7 Kxg7 19. f4 Qb6+ 20. Kh1 Neg4 21. Bxg4
Nxg4 22. h3 Nf6 23. e5 dxe5 24. fxe5 Rxe5 25. Qf4 Rf5 26. Nxf5+ Bxf5 27. g4 Bd3
28. Rf3 Rf8 29. Re1 Ng8 30. d6 Qc6 31. Kg2 f6 32. Kg3 Rf7 33. Qd4 Rd7 34. Re6
Rf7 35. Nd5 Qd7 36. Rexf6 Nxf6 37. Rxf6 Kg8 38. Rxf7 Qxd6+ 39. Rf4 1-0

[Event "29th Czech Open A 2018"]
[Site "Pardubice CZE"]
[Date "2018.07.24"]
[Round "5.72"]
[White "Cerveny, Martin"]
[Black "Olson, Hamish"]
[Result "1-0"]
[WhiteTitle "IM"]
[WhiteElo "2359"]
[BlackElo "2229"]
[WhiteFideId "321141"]
[BlackFideId "2404257"]
[EventDate "2018.07.20"]

1. Nf3 d5 2. b3 Nc6 3. c4 d4 4. a3 a5 5. d3 e5 6. g3 Bc5 7. Bg2 Qd6 8. O-O Nge7
9. e4 dxe3 10. Bxe3 Bxe3 11. fxe3 e4 12. dxe4 Qxd1 13. Rxd1 Bg4 14. Nc3 Bxf3 15.
Bxf3 Ne5 16. Be2 c6 17. Na4 Nc8 18. c5 O-O 19. Rd4 Rb8 20. b4 Ra8 21. b5 cxb5
22. Bxb5 Nf3+ 23. Kf2 Nxd4 24. exd4 Na7 25. Rb1 Nc6 26. Nb6 Rad8 27. Bxc6 bxc6
28. d5 f5 29. dxc6 Rf7 30. Nd7 Rc8 31. Rb7 fxe4+ 32. Ke3 Re7 33. Nf6+ Kf8 34.
Nd5 Re6 35. c7 Rc6 36. Kd4 e3 37. Rb2 Re6 38. Re2 1-0

[Event "29th Czech Open A 2018"]
[Site "Pardubice CZE"]
[Date "2018.07.24"]
[Round "5.73"]
[White "Folk, Petr"]
[Black "Skliarov, Viktor"]
[Result "0-1"]
[BlackTitle "IM"]
[WhiteElo "2217"]
[BlackElo "2357"]
[WhiteFideId "302996"]
[BlackFideId "14106736"]
[EventDate "2018.07.20"]

1. e4 c5 2. Nf3 Nc6 3. d4 cxd4 4. Nxd4 g6 5. c4 Bg7 6. Be3 Nf6 7. Nc3 Ng4 8.
Qxg4 Nxd4 9. Qd1 Ne6 10. Rc1 Qa5 11. Qd2 b6 12. Qd5 Rb8 13. Qxa5 bxa5 14. b3 a6
15. Bd3 d6 16. O-O Nc5 17. Rfd1 Bd7 18. Nd5 Rb7 19. Bf4 Bc6 20. Bb1 Bb2 21. Rc2
Be5 22. Re2 e6 23. Bxe5 dxe5 24. f4 exf4 25. Nf6+ Kf8 26. Rd6 Rc7 27. e5 Ke7 28.
Red2 Rb8 29. Bc2 h6 30. h4 Rcc8 31. Rd1 Kf8 32. a3 Kg7 33. b4 axb4 34. axb4 Nb7
35. R6d4 a5 36. bxa5 Nxa5 37. Rxf4 Rb2 38. Be4 Bxe4 39. Rxe4 Rb7 40. c5 Nc6 41.
Rd7 Rb1+ 42. Kh2 Nxe5 43. Nh5+ gxh5 44. Rxe5 Rc6 45. Rxh5 Rb5 46. Kg3 Rcxc5 47.
Rxc5 Rxc5 48. Kf3 Rf5+ 49. Ke3 h5 50. Ra7 Kf6 51. Ra4 Rb5 52. g3 Rb3+ 53. Kf4
Kg6 54. Ra8 f6 55. Rg8+ Kf7 56. Rh8 e5+ 57. Kf5 Rf3+ 58. Ke4 Rxg3 0-1

[Event "29th Czech Open A 2018"]
[Site "Pardubice CZE"]
[Date "2018.07.24"]
[Round "5.74"]
[White "Baskakov, Egor"]
[Black "Flick, Antoine"]
[Result "1/2-1/2"]
[BlackTitle "FM"]
[WhiteElo "2203"]
[BlackElo "2348"]
[WhiteFideId "24197866"]
[BlackFideId "26025736"]
[EventDate "2018.07.20"]

1. e4 c5 2. Ne2 Nc6 3. Nbc3 g6 4. d4 cxd4 5. Nxd4 Bg7 6. Nde2 Nf6 7. g3 d6 8.
Bg2 O-O 9. O-O Bd7 10. Nd5 Rc8 11. a4 Re8 12. h3 Na5 13. Ra2 a6 14. b3 b5 15.
axb5 axb5 16. Be3 Rb8 17. Ba7 Rb7 18. Bd4 e5 19. Nxf6+ Bxf6 20. Be3 Be6 21. Nc3
Nc6 22. Nd5 Bg7 23. Ra6 Qc8 24. c3 Rb8 25. Qa1 Kh8 26. Qa3 b4 27. Qa4 Bd7 28.
Nb6 Rxb6 29. Rxb6 bxc3 30. Qc4 Nd4 31. Qxf7 c2 32. Qc4 Be6 33. Qa4 Rd8 34. Kh2
Qc7 35. Qa6 Bc8 36. Qa5 Nxb3 37. Qb5 1/2-1/2

[Event "29th Czech Open A 2018"]
[Site "Pardubice CZE"]
[Date "2018.07.24"]
[Round "5.75"]
[White "Kulkarni, Chinmay"]
[Black "Balasubramaniam, H"]
[Result "1-0"]
[WhiteElo "2336"]
[BlackElo "2219"]
[WhiteFideId "5023513"]
[BlackFideId "35053248"]
[EventDate "2018.07.20"]

1. e4 c5 2. Nf3 e6 3. d4 cxd4 4. Nxd4 a6 5. c4 Nf6 6. Nc3 Qc7 7. Be3 d6 8. Rc1
Nbd7 9. Bd3 Be7 10. f4 b6 11. O-O O-O 12. b4 Re8 13. g4 Nf8 14. g5 N6d7 15. Qh5
Bb7 16. Rf3 e5 17. Nd5 Qd8 18. Nxe7+ Qxe7 19. Nf5 Qe6 20. Nxg7 Qg6 21. Qxg6 hxg6
22. Nxe8 Rxe8 23. f5 gxf5 24. Rxf5 Ne6 25. h4 Nd4 26. Rf2 a5 27. a3 Nf8 28. Rcf1
Re7 29. Bxd4 exd4 30. Rf6 Ng6 31. Rxd6 Nxh4 32. Rxb6 axb4 33. axb4 Ng6 34. Rd6
Re5 35. Rf5 Re8 36. Rxd4 Ne5 37. Be2 Nc6 38. Rd2 Rxe4 39. Bf3 Rxc4 40. Rc5 Rxb4
41. Bxc6 Bxc6 42. Rxc6 Rb1+ 43. Kf2 Kg7 44. Rd7 Kg8 45. g6 fxg6 46. Rc8# 1-0

[Event "29th Czech Open A 2018"]
[Site "Pardubice CZE"]
[Date "2018.07.24"]
[Round "5.76"]
[White "Roenko, Artur"]
[Black "Mueller, Ralf1"]
[Result "0-1"]
[BlackTitle "FM"]
[WhiteElo "2162"]
[BlackElo "2335"]
[WhiteFideId "14136732"]
[BlackFideId "4606612"]
[EventDate "2018.07.20"]

1. d4 Nf6 2. c4 g6 3. Nc3 d5 4. cxd5 Nxd5 5. e4 Nxc3 6. bxc3 c5 7. Bc4 Bg7 8.
Ne2 O-O 9. O-O Nc6 10. Be3 b6 11. dxc5 Qc7 12. cxb6 axb6 13. Rb1 Ne5 14. Bd5 Rb8
15. f4 Ng4 16. Bd4 e6 17. Bb3 Ba6 18. Bxg7 Kxg7 19. c4 Rbd8 20. Qe1 b5 21. cxb5
Bxb5 22. h3 Nf6 23. e5 Ne4 24. Rc1 Qb6+ 25. Kh2 Qa6 26. Rc2 Bd3 27. Rb2 Qa3 28.
Qa1 Nc3 29. Nxc3 Bxf1 30. Ne4 Qb4 31. Bc2 Qd4 32. Qb1 Rc8 33. Rb4 Rc4 34. Rxc4
Bxc4 35. Qb4 Rc8 36. Qe7 Qd8 37. Qa7 Ra8 38. Qc5 Rc8 39. Qf2 Bd5 40. Nd6 Ra8 41.
a4 Qe7 42. Qg3 Kg8 43. Bd1 Qc7 44. Qg5 Rb8 45. Be2 Qc2 46. Bb5 h6 47. Qg3 Kf8
48. Bd3 Qd2 49. Bb5 g5 50. f5 exf5 51. Nxf5 Rc8 52. Qa3+ Kg8 53. Ne7+ Kh8 54.
Bf1 Qf4+ 55. Kg1 Qd4+ 56. Kh1 Qc5 57. Qxc5 Rxc5 58. Nf5 Be6 59. Nd6 Rxe5 60. Bb5
Re1+ 61. Kh2 Ra1 62. Ne4 Ra2 63. Nc3 Rc2 64. Nd1 Rd2 65. Nc3 Bd5 66. Bf1 Bb7 67.
a5 Rc2 68. Nb5 Ba6 69. Nd4 Rd2 70. Bxa6 Rxd4 71. Bb7 Ra4 72. a6 f5 73. Kg1 Kg7
74. Kf2 Ra3 75. Ke2 f4 76. Kd2 h5 77. Kc2 g4 78. hxg4 hxg4 79. Kb2 Ra5 80. Kb3
f3 81. gxf3 g3 82. f4 Rxa6 0-1

[Event "29th Czech Open A 2018"]
[Site "Pardubice CZE"]
[Date "2018.07.24"]
[Round "5.77"]
[White "Stetsko, Lanita"]
[Black "Goluch, Piotr"]
[Result "1-0"]
[WhiteTitle "FM"]
[BlackTitle "FM"]
[WhiteElo "2200"]
[BlackElo "2332"]
[WhiteFideId "13505300"]
[BlackFideId "1137840"]
[EventDate "2018.07.20"]

1. e4 c6 2. d4 d5 3. Nd2 dxe4 4. Nxe4 Bf5 5. Ng3 Bg6 6. h4 h6 7. Nf3 e6 8. h5
Bh7 9. Bd3 Bxd3 10. Qxd3 Nf6 11. Bd2 Be7 12. O-O-O O-O 13. Ne5 b5 14. Ne2 b4 15.
Kb1 Qd5 16. Nf4 Qe4 17. Qg3 Bd6 18. Nfd3 Kh7 19. Bxb4 Bxb4 20. Nxb4 a5 21. Rh4
Qf5 22. Nbd3 Nxh5 23. Qh2 Nf6 24. g4 Nxg4 25. Nxg4 f6 26. Nxh6 gxh6 27. Rxh6+
Kg7 28. Rg1+ Kf7 29. Rh7+ Ke8 30. Qc7 1-0

[Event "29th Czech Open A 2018"]
[Site "Pardubice CZE"]
[Date "2018.07.24"]
[Round "5.78"]
[White "Chovan, Milan"]
[Black "Stepan, Patrik"]
[Result "1/2-1/2"]
[WhiteTitle "FM"]
[WhiteElo "2331"]
[BlackElo "2217"]
[WhiteFideId "14933691"]
[BlackFideId "358444"]
[EventDate "2018.07.20"]

1. d4 Nf6 2. c4 e6 3. Nc3 Bb4 4. Qc2 O-O 5. a3 Bxc3+ 6. Qxc3 d5 7. Bg5 dxc4 8.
Qxc4 b6 9. Nf3 Ba6 10. Qa4 c5 11. dxc5 bxc5 12. Rd1 Qb6 13. Bxf6 gxf6 14. Rd2
Nc6 15. e3 Bxf1 16. Kxf1 Rad8 17. Ke2 Rxd2+ 18. Nxd2 Rd8 19. Nc4 Qb7 20. f3 Ne5
21. Rb1 Qd5 22. Nxe5 Qd2+ 23. Kf1 fxe5 24. Qg4+ Kf8 25. Qe4 Rd5 26. Qxh7 Qxe3
27. Re1 Qb3 28. Qh8+ Ke7 29. Qh4+ Ke8 30. Qf2 Rd1 31. Rxd1 Qxd1+ 32. Qe1 Qd4 33.
Qc3 c4 34. g3 f5 35. Qxd4 exd4 36. f4 e5 37. fxe5 Ke7 38. Ke2 Ke6 39. Kd2 Kxe5
40. a4 f4 41. gxf4+ Kxf4 42. a5 Kg4 43. a6 Kh3 44. Kc2 Kxh2 45. b3 cxb3+ 46.
Kxb3 Kg3 47. Kc4 Kf4 48. Kxd4 Kf5 49. Kd5 Kf6 50. Kd6 Kf7 51. Kd7 Kf8 1/2-1/2

[Event "29th Czech Open A 2018"]
[Site "Pardubice CZE"]
[Date "2018.07.24"]
[Round "5.79"]
[White "Wong, Gengchun"]
[Black "Michenka, Jozef"]
[Result "1/2-1/2"]
[BlackTitle "IM"]
[WhiteElo "2162"]
[BlackElo "2329"]
[WhiteFideId "12963283"]
[BlackFideId "301175"]
[EventDate "2018.07.20"]

1. e4 c5 2. Nf3 Nc6 3. d4 cxd4 4. Nxd4 g6 5. Nc3 Bg7 6. Be3 Nf6 7. Bc4 O-O 8.
Bb3 a5 9. f3 d5 10. Bxd5 Nxd4 11. Bxd4 e6 12. Bb3 Qc7 13. Qe2 Bd7 14. a4 Bc6 15.
Qf2 Nd7 16. Bxg7 Kxg7 17. O-O b6 18. Rad1 Rad8 19. Rd2 Nc5 20. Rfd1 Rxd2 21.
Qxd2 Rc8 22. Qd4+ Kg8 23. Qf6 Re8 24. Qd4 Rc8 25. Rd2 Be8 26. Rd1 1/2-1/2

[Event "29th Czech Open A 2018"]
[Site "Pardubice CZE"]
[Date "2018.07.24"]
[Round "5.80"]
[White "Vyskocil, Neklan"]
[Black "Furman, Boris"]
[Result "0-1"]
[WhiteTitle "IM"]
[BlackTitle "FM"]
[WhiteElo "2327"]
[BlackElo "2214"]
[WhiteFideId "307106"]
[BlackFideId "4107187"]
[EventDate "2018.07.20"]

1. e4 c5 2. Nf3 Nc6 3. d4 cxd4 4. Nxd4 Nf6 5. Nc3 d6 6. Bg5 e6 7. Bb5 Bd7 8.
Bxc6 bxc6 9. Qf3 h6 10. Bh4 g5 11. Bg3 g4 12. Qd3 Nh5 13. Nb3 Nxg3 14. Qxg3 e5
15. O-O-O a5 16. Nd2 Be6 17. Qd3 Qc7 18. Nc4 Rd8 19. Ne3 Qb6 20. Rhf1 Be7 21.
Kb1 Rb8 22. b3 Qb4 23. Ne2 a4 24. Ng3 axb3 25. cxb3 Qa4 26. Kb2 Qa7 27. Ngf5 Ra8
28. Ra1 Qa3+ 29. Kc2 d5 30. Ng7+ Kf8 31. Nxe6+ fxe6 32. f3 Ra5 33. Rf2 Bg5 34.
Kd1 Qc5 35. Nxg4 h5 0-1

[Event "29th Czech Open A 2018"]
[Site "Pardubice CZE"]
[Date "2018.07.24"]
[Round "5.81"]
[White "Vusatiuk, Vladimir"]
[Black "Sbarra, Marco"]
[Result "1-0"]
[WhiteTitle "IM"]
[BlackTitle "FM"]
[WhiteElo "2321"]
[BlackElo "2205"]
[WhiteFideId "14118610"]
[BlackFideId "804401"]
[EventDate "2018.07.20"]

1. d4 d5 2. c4 e6 3. Nc3 c5 4. cxd5 exd5 5. Nf3 Nc6 6. g3 Nf6 7. Bg2 Be7 8. O-O
O-O 9. dxc5 Bxc5 10. Na4 Be7 11. Be3 Re8 12. Rc1 Bg4 13. h3 Bh5 14. Nc3 h6 15.
Nh4 Ne4 16. Nf5 Bf6 17. Nxd5 Bxb2 18. Rb1 Bd4 19. Nxd4 Qxd5 20. Rb5 Qc4 21. Rxh5
Rad8 22. Qb3 Rxd4 23. Bxd4 Qxd4 24. Qxb7 Re6 25. Rh4 1-0

[Event "29th Czech Open A 2018"]
[Site "Pardubice CZE"]
[Date "2018.07.24"]
[Round "5.82"]
[White "Cerveny, Petr"]
[Black "Kukelko, Alexey"]
[Result "1/2-1/2"]
[WhiteTitle "FM"]
[WhiteElo "2319"]
[BlackElo "2196"]
[WhiteFideId "322016"]
[BlackFideId "14153084"]
[EventDate "2018.07.20"]

1. e4 c5 2. Nf3 d6 3. Bb5+ Nd7 4. O-O a6 5. Bd3 Ngf6 6. Re1 b5 7. c4 Rb8 8. Nc3
b4 9. Nd5 e6 10. Nxf6+ Qxf6 11. Bc2 e5 12. a3 Be7 13. axb4 Rxb4 14. d3 O-O 15.
Ba4 Nb8 16. Bg5 Qe6 17. Bd2 Rb7 18. Rb1 Qg6 19. Kh1 1/2-1/2

[Event "29th Czech Open A 2018"]
[Site "Pardubice CZE"]
[Date "2018.07.24"]
[Round "5.83"]
[White "Nyysti, Sampsa"]
[Black "Hrdina, Robin"]
[Result "1/2-1/2"]
[WhiteTitle "IM"]
[WhiteElo "2314"]
[BlackElo "2193"]
[WhiteFideId "502138"]
[BlackFideId "339342"]
[EventDate "2018.07.20"]

1. e4 e5 2. Nf3 Nc6 3. d4 exd4 4. Nxd4 Nf6 5. Nxc6 bxc6 6. e5 Nd5 7. c4 Nb6 8.
Bd3 d5 9. exd6 cxd6 10. O-O Be7 11. Qc2 Nd7 12. b3 Nc5 13. Be2 O-O 14. Bb2 Bf6
15. Nc3 Bb7 16. Rad1 Qe7 17. Rfe1 Rfe8 18. b4 Ne6 19. Bd3 h6 20. Ne4 Bxb2 21.
Qxb2 Nf4 22. Bf1 d5 23. Nc5 Qxe1 24. Rxe1 Rxe1 25. g3 Bc8 26. Qd2 Rb1 27. h4 Bh3
28. Qxf4 Bxf1 29. Kh2 Bxc4 30. Qd6 Rxb4 31. Qxc6 Rbb8 32. a3 a6 33. g4 Rd8 34.
Nb7 Bb5 35. Qb6 Rab8 36. Qc7 Rbc8 37. Qf4 Rd7 38. Nd6 Rcd8 39. Nf5 d4 40. Qe5 f6
41. Qe6+ Kh7 42. g5 hxg5 43. hxg5 fxg5 44. Ne7 Rxe7 45. Qxe7 Rd7 46. Qxg5 g6 47.
Qd2 d3 48. Kg3 Kg7 1/2-1/2

[Event "29th Czech Open A 2018"]
[Site "Pardubice CZE"]
[Date "2018.07.24"]
[Round "5.84"]
[White "Westerinen, Heikki M.J."]
[Black "Sprenar, Petr"]
[Result "1-0"]
[WhiteTitle "GM"]
[WhiteElo "2310"]
[BlackElo "2192"]
[WhiteFideId "500020"]
[BlackFideId "397164"]
[EventDate "2018.07.20"]

1. e4 e6 2. d4 d5 3. Nd2 c5 4. exd5 Qxd5 5. Ngf3 cxd4 6. Bc4 Qd7 7. Nb3 Nc6 8.
Nbxd4 Nxd4 9. Qxd4 Qxd4 10. Nxd4 Bd7 11. Bf4 Rc8 12. Bb3 Bc5 13. O-O-O Ne7 14.
Rhe1 Bxd4 15. Rxd4 Bc6 16. f3 Nf5 17. Rd2 Rd8 18. Rxd8+ Kxd8 19. Be5 Ke7 20. c4
Rd8 21. Bc2 Nd4 22. Bxh7 Bxf3 23. Bxd4 Rxd4 24. gxf3 g6 25. Re4 Rd8 26. c5 Rc8
27. b4 Rh8 28. Rh4 Kf6 29. Kc2 Ke5 30. Kc3 f5 31. Kc4 Kf6 32. b5 Kg5 33. Rh3 f4
34. c6 bxc6 35. bxc6 e5 36. Kd5 Rc8 37. Kxe5 Rxc6 38. Bg8 Rc5+ 39. Bd5 1-0